[Event "Women's Speed Chess Q1"]
[Site "chess.com INT"]
[Date "2021.05.28"]
[Round "2"]
[White "Starosta, Martyna"]
[Black "February, Jesse Nikki"]
[Result "1-0"]
[WhiteTitle "WCM"]
[BlackTitle "WIM"]
[WhiteElo "1910"]
[BlackElo "1824"]
[WhiteFideId "21818754"]
[BlackFideId "14312336"]
[EventDate "2021.05.28"]

1. e4 c6 2. d4 d5 3. Nc3 dxe4 4. Nxe4 Nd7 5. Ng5 Ngf6 6. Bc4 e6 7. Qe2 Nb6 8.
Bb3 h6 9. N5f3 Be7 10. Ne5 O-O 11. Ngf3 c5 12. c3 cxd4 13. cxd4 Bb4+ 14. Bd2
Bxd2+ 15. Qxd2 Ne4 16. Qe2 f5 17. O-O Nd5 18. Rac1 a6 19. Rfd1 Nf4 20. Qe3 Nd5
21. Qe1 g5 22. Ng6 Rf6 23. Nfe5 Kg7 24. Rc2 Rxg6 25. Nxg6 Kxg6 26. Rdc1 Bd7 27.
f3 Nd6 28. Bxd5 exd5 29. Qe5 Bc6 30. Rxc6 bxc6 31. Rxc6 Qa5 32. Rxd6+ Kh5 33.
g4+ fxg4 34. fxg4+ Kh4 35. Qg3# 1-0

[Event "Women's Speed Chess Q1"]
[Site "chess.com INT"]
[Date "2021.05.28"]
[Round "2"]
[White "Nguyen, Thi Thanh An"]
[Black "Avramidou, Anastasia"]
[Result "0-1"]
[WhiteTitle "WGM"]
[BlackTitle "FM"]
[WhiteElo "2259"]
[BlackElo "2238"]
[WhiteFideId "12400300"]
[BlackFideId "4239873"]
[EventDate "2021.05.28"]

1. d4 Nf6 2. Bf4 g6 3. e3 Bg7 4. Nf3 O-O 5. Be2 d6 6. h3 c6 7. O-O Qc7 8. c4
Nbd7 9. Nc3 e5 10. Bh2 Re8 11. Rc1 h6 12. b4 a5 13. b5 Nf8 14. c5 dxc5 15. Bxe5
Qe7 16. dxc5 Qxc5 17. Na4 Qd5 18. Nb6 Qxd1 19. Rfxd1 Be6 20. Nxa8 Rxa8 21. a3
Bb3 22. Re1 Bd5 23. bxc6 bxc6 24. Red1 N8d7 25. Bd4 Bb3 26. Rd2 Bd5 27. Bc4 Ne4
28. Rb2 Bf8 29. Bxd5 cxd5 30. Rb7 Ndc5 31. Ne5 Nxb7 32. Nxf7 Kxf7 33. Rc7+ Be7
34. Rxb7 Ke6 35. a4 Rc8 36. g4 Rc1+ 37. Kg2 Rc2 38. Rb6+ Bd6 39. Rb2 Rxb2 40.
Bxb2 Be5 41. Ba3 Nc3 42. f4 Bd6 43. f5+ gxf5 44. gxf5+ Kd7 45. Bb2 Nxa4 46. Bg7
h5 47. Kf3 Nc5 0-1

[Event "Women's Speed Chess Q1"]
[Site "chess.com INT"]
[Date "2021.05.28"]
[Round "2"]
[White "Martynkova, Olena"]
[Black "Eswaran, Aksithi"]
[Result "1-0"]
[WhiteTitle "WIM"]
[BlackTitle "WCM"]
[WhiteElo "2195"]
[BlackElo "1745"]
[WhiteFideId "14134039"]
[BlackFideId "2083485"]
[EventDate "2021.05.28"]

1. d4 d5 2. c4 c6 3. Nf3 Nf6 4. Nc3 e6 5. e3 Nbd7 6. Bd3 dxc4 7. Bxc4 b5 8. Bd3
Bb7 9. O-O a6 10. a4 b4 11. Ne4 c5 12. Nxf6+ Nxf6 13. Qe2 Bd6 14. e4 c4 15. Bb1
Bc7 16. e5 Nd5 17. Qxc4 Rc8 18. Qe2 Nb6 19. Be3 Qd7 20. a5 Nd5 21. Bd3 Nxe3 22.
fxe3 Bd5 23. Bxa6 Ra8 24. Bb5 Bc6 25. Bxc6 Qxc6 26. Ng5 O-O 27. Qh5 h6 28. Nxf7
Bxa5 29. Rxa5 Rxa5 30. Nxh6+ gxh6 31. Qg6+ 1-0

[Event "Women's Speed Chess Q1"]
[Site "chess.com INT"]
[Date "2021.05.28"]
[Round "2"]
[White "Swati, Mohota"]
[Black "Tarini, Goyal"]
[Result "1-0"]
[WhiteTitle "WFM"]
[BlackTitle "WFM"]
[WhiteElo "2027"]
[BlackElo "2164"]
[WhiteFideId "5006511"]
[BlackFideId "5082749"]
[EventDate "2021.05.28"]

1. d4 d5 2. Nf3 Nf6 3. g3 g6 4. Bg2 Bg7 5. O-O O-O 6. Nbd2 c5 7. c3 Nc6 8. Re1
Ne4 9. dxc5 Nxc5 10. Nb3 Nxb3 11. axb3 e5 12. Bg5 Qd6 13. Be3 Be6 14. b4 d4 15.
b5 Ne7 16. cxd4 Rfd8 17. dxe5 Qb4 18. Qa4 Qxb2 19. Bd4 Qb3 20. Qxb3 Bxb3 21.
Rxa7 Rxa7 22. Bxa7 Bc4 23. Bc5 Nd5 24. b6 Nc3 25. Bf1 Bd5 26. Rc1 Na4 27. Bd6
Bh6 28. Ra1 Nc3 29. Nd4 Bc4 30. f4 Bd5 31. Ra7 Ne4 32. Bg2 Nxd6 33. Bxd5 Nc8 34.
Bxb7 Rd5 35. Bxd5 1-0

[Event "Women's Speed Chess Q1"]
[Site "chess.com INT"]
[Date "2021.05.28"]
[Round "2"]
[White "Mendoza, Beverly"]
[Black "Varshini, V"]
[Result "1-0"]
[WhiteTitle "WIM"]
[BlackTitle "WGM"]
[WhiteElo "1945"]
[BlackElo "2226"]
[WhiteFideId "5201250"]
[BlackFideId "5091241"]
[EventDate "2021.05.28"]

1. d4 d5 2. Nf3 Nf6 3. Bf4 e6 4. e3 Be7 5. Nbd2 O-O 6. Bd3 b6 7. Ne5 Bb7 8. Qf3
c5 9. c3 Nbd7 10. Qh3 Re8 11. Nxd7 Qxd7 12. O-O h6 13. f3 Bf8 14. g4 cxd4 15.
exd4 Bd6 16. Bxh6 gxh6 17. Qxh6 Qd8 18. g5 Bf4 19. Rf2 Be3 20. Nf1 Bxf2+ 21.
Kxf2 Ne4+ 22. fxe4 dxe4 23. Ng3 e3+ 24. Ke1 1-0

[Event "Women's Speed Chess Q1"]
[Site "chess.com INT"]
[Date "2021.05.28"]
[Round "2"]
[White "Fernandez, Maria Florencia"]
[Black "Vo, Thi Kim Phung"]
[Result "0-1"]
[WhiteTitle "WIM"]
[BlackTitle "WGM"]
[WhiteElo "2229"]
[BlackElo "2335"]
[WhiteFideId "116459"]
[BlackFideId "12401838"]
[EventDate "2021.05.28"]

1. d4 Nf6 2. c4 e6 3. Nf3 Bb4+ 4. Nbd2 O-O 5. a3 Be7 6. e4 d5 7. e5 Nfd7 8. cxd5
exd5 9. Bd3 c5 10. O-O Nc6 11. Re1 cxd4 12. Nf1 Nc5 13. Bb1 g6 14. b4 Ne4 15.
Nxd4 Nc3 16. Qd3 Nxb1 17. Rxb1 Nxd4 18. Qxd4 Bf5 19. Rb2 a5 20. Bh6 Re8 21. Ne3
Be6 22. Rd1 axb4 23. axb4 f6 24. Nxd5 Qxd5 25. Qxd5 Bxd5 26. f4 Be6 27. Re1 fxe5
28. Rxe5 Bf6 0-1

[Event "Women's Speed Chess Q1"]
[Site "chess.com INT"]
[Date "2021.05.28"]
[Round "2"]
[White "Dubnikova, Anastasia"]
[Black "Belenkaya, Dina"]
[Result "0-1"]
[WhiteTitle "WFM"]
[BlackTitle "WGM"]
[WhiteElo "2197"]
[BlackElo "2304"]
[WhiteFideId "44153759"]
[BlackFideId "24142654"]
[EventDate "2021.05.28"]

1. Nf3 d5 2. d4 Nf6 3. c4 dxc4 4. e3 e6 5. Bxc4 a6 6. O-O c5 7. a4 Nc6 8. Nc3
Bd6 9. Qe2 Qc7 10. h3 O-O 11. Rd1 b6 12. d5 exd5 13. Nxd5 Nxd5 14. Bxd5 Bb7 15.
b3 Rad8 16. Bb2 Nb4 17. Bxb7 Qxb7 18. Qc4 b5 19. axb5 axb5 20. Qg4 f5 21. Qh5 h6
22. Qg6 Qe7 23. Bxg7 Qxg7 24. Rxd6 Rxd6 25. Qxd6 Qxa1+ 26. Kh2 Qa7 27. Ne5 Qg7
28. Qxc5 Na6 29. Qxb5 Nc7 30. Qc4+ Kh7 31. f4 Rg8 32. Qc2 Rf8 33. b4 Nd5 34. b5
Nxe3 35. Qf2 Rg8 36. g4 Nd5 37. Qc2 Nxf4 38. Qxf5+ Ng6 39. Nxg6 Qxg6 40. Qxg6+
Rxg6 41. Kg3 Rb6 42. Kh4 Rxb5 43. g5 hxg5+ 44. Kh5 Rb3 0-1

[Event "Women's Speed Chess Q1"]
[Site "chess.com INT"]
[Date "2021.05.28"]
[Round "2"]
[White "Paehtz, Elisabeth"]
[Black "Gevorgyan, Maria"]
[Result "1-0"]
[WhiteTitle "IM"]
[BlackTitle "WGM"]
[WhiteElo "2456"]
[BlackElo "2219"]
[WhiteFideId "4641833"]
[BlackFideId "13300270"]
[EventDate "2021.05.28"]

1. d4 Nf6 2. Nf3 c5 3. c3 g6 4. Bg5 Bg7 5. e3 cxd4 6. exd4 O-O 7. Nbd2 d5 8. Be2
Nc6 9. O-O h6 10. Bf4 g5 11. Bg3 Bf5 12. Ne5 Qb6 13. Qb3 Qxb3 14. axb3 Rfc8 15.
b4 Ne8 16. Nxc6 Rxc6 17. Nb3 Nd6 18. Na5 Rc7 19. Bxd6 exd6 20. Rfe1 b6 21. Nb3
Bc2 22. Nd2 a5 23. Bf3 Raa7 24. bxa5 bxa5 25. Bxd5 Bf6 26. Nc4 Bb3 27. Ne3 a4
28. Bxb3 axb3 29. Nd5 Bg7 30. Nxc7 Rxc7 31. Ra3 Rb7 32. g3 Kh7 33. Kg2 Kg6 34.
g4 h5 35. h3 Rb6 36. Re7 Bf8 37. Re8 Bg7 38. Kf3 hxg4+ 39. hxg4 f5 40. Rea8
fxg4+ 41. Kxg4 Rb7 42. R8a6 Bf8 43. R3a4 Rf7 44. Kg3 Kf5 45. Rb4 Ke4 46. Rxb3
Rf3+ 47. Kg2 g4 48. Ra8 Bh6 49. Re8+ Kd3 50. Rb6 Bc1 51. Rxd6 Bxb2 52. Rg6 Bxc3
53. Rxg4 Rf5 54. Re3+ Kc2 55. Re5 Rf6 56. Rc5 Kd2 57. d5 Kd3 58. Rg3+ 1-0

[Event "Women's Speed Chess Q1"]
[Site "chess.com INT"]
[Date "2021.05.28"]
[Round "2"]
[White "Arakhamia-Grant, Ketevan"]
[Black "Ambartsumova, Karina"]
[Result "0-1"]
[WhiteTitle "GM"]
[BlackTitle "IM"]
[WhiteElo "2380"]
[BlackElo "2382"]
[WhiteFideId "13600168"]
[BlackFideId "4166299"]
[EventDate "2021.05.28"]

1. e4 c5 2. Nf3 e6 3. d4 cxd4 4. Nxd4 a6 5. Bd3 Bc5 6. Nb3 Ba7 7. Qe2 Nc6 8. Nc3
d6 9. Be3 b5 10. O-O-O b4 11. Na4 Bd7 12. f4 Nge7 13. Bc4 Qc7 14. Nb6 Bxb6 15.
Bxb6 Qxb6 16. Rxd6 Bc8 17. Rhd1 O-O 18. f5 exf5 19. e5 Qc7 20. Qe3 Ng6 0-1

[Event "Women's Speed Chess Q1"]
[Site "chess.com INT"]
[Date "2021.05.28"]
[Round "2"]
[White "Chaves, Joara"]
[Black "Zakirova, Aisha"]
[Result "1-0"]
[WhiteTitle "WIM"]
[BlackTitle "WCM"]
[WhiteElo "1901"]
[BlackElo "1585"]
[WhiteFideId "2100622"]
[BlackFideId "13719734"]
[EventDate "2021.05.28"]

1. e4 c5 2. Nc3 Nc6 3. f4 d6 4. Bb5 Bd7 5. Nf3 g6 6. O-O Bg7 7. d3 a6 8. Bxc6
Bxc6 9. Qe1 Nf6 10. Qh4 O-O 11. f5 c4 12. Bh6 Qb6+ 13. Kh1 Bxh6 14. Qxh6 Ng4 15.
Qh4 Ne3 16. Ng5 h5 17. Qf2 Qa7 18. Rfe1 Ng4 19. Qxa7 Rxa7 20. h3 Ne5 21. d4 b5
22. dxe5 dxe5 23. Rad1 b4 24. Nd5 Rd7 25. fxg6 fxg6 26. Ne3 Rfd8 27. Rxd7 Rxd7
28. Rd1 Rc7 29. Rd8+ Kg7 30. Ne6+ 1-0

[Event "Women's Speed Chess Q1"]
[Site "chess.com INT"]
[Date "2021.05.28"]
[Round "2"]
[White "Obregon Garcia, Roxangel"]
[Black "Zhai, Mo"]
[Result "0-1"]
[WhiteTitle "WIM"]
[BlackTitle "WGM"]
[WhiteElo "2167"]
[BlackElo "2366"]
[WhiteFideId "3520420"]
[BlackFideId "8600201"]
[EventDate "2021.05.28"]

1. e4 c5 2. Nf3 Nc6 3. d4 cxd4 4. Nxd4 Nf6 5. Nc3 d6 6. Bg5 g6 7. Qd3 Bg7 8.
O-O-O Ng4 9. Nxc6 bxc6 10. Qg3 Qb6 11. Bc4 Rb8 12. Bb3 Qxf2 13. Rhf1 Qxg3 14.
Bxf7+ Kd7 15. hxg3 Ba6 16. Rfe1 Rhf8 17. Bb3 h6 18. Bf4 g5 19. Be3 Be5 20. Bxa7
Rb7 21. Bg1 Bxg3 22. Re3 Bf4 0-1

[Event "Women's Speed Chess Q1"]
[Site "chess.com INT"]
[Date "2021.05.28"]
[Round "2"]
[White "Franco Valencia, Angela"]
[Black "Harika, Dronavalli"]
[Result "1/2-1/2"]
[WhiteTitle "WIM"]
[BlackTitle "GM"]
[WhiteElo "2089"]
[BlackElo "2515"]
[WhiteFideId "4403070"]
[BlackFideId "5015197"]
[EventDate "2021.05.28"]

1. e4 Nc6 2. Nf3 d6 3. d4 Nf6 4. Nc3 g6 5. g3 Bg7 6. Bg2 O-O 7. O-O e5 8. dxe5
Nxe5 9. Nxe5 dxe5 10. Qxd8 Rxd8 11. Bg5 c6 12. Rad1 Be6 13. b3 Kf8 14. Rfe1 Ke8
15. Kf1 h6 16. Bxf6 Bxf6 17. Ke2 Be7 18. Rxd8+ Rxd8 19. Rd1 Rc8 20. Bf3 b5 21.
Rd3 a6 22. Kd1 Bc5 23. Ke2 Ke7 24. Nd1 Bd4 25. Ne3 h5 26. c3 Bb6 27. Kd2 a5 28.
Kc2 Ra8 29. Be2 a4 30. Kb2 axb3 31. axb3 Bc5 32. f4 Rd8 33. Rxd8 Kxd8 34. Nf1
Bh3 35. Kc2 Bg1 36. f5 gxf5 37. exf5 Bxf5+ 38. Kd2 Bh3 39. Ke1 h4 40. gxh4 Ke7
41. h5 f5 42. h6 Kf6 43. Bh5 Bxf1 44. Kxf1 Bxh2 45. Be8 c5 46. Bxb5 Kg6 47. Bd7
f4 48. Kg2 Bg3 49. Kf3 Kxh6 50. Ke4 Kg5 51. b4 cxb4 52. cxb4 Bf2 53. Kxe5 Bb6
54. Bc6 Kg4 55. Kd6 Kg3 56. Kd7 f3 57. Bxf3 Kxf3 58. Kc6 Be3 59. b5 Ke4 60. b6
Bxb6 1/2-1/2

[Event "Women's Speed Chess Q1"]
[Site "chess.com INT"]
[Date "2021.05.28"]
[Round "2"]
[White "Von Herman, Brigitte"]
[Black "Sviridova, Vlada"]
[Result "1-0"]
[WhiteTitle "WFM"]
[BlackTitle "WFM"]
[WhiteElo "1991"]
[BlackElo "2144"]
[WhiteFideId "4628730"]
[BlackFideId "24109606"]
[EventDate "2021.05.28"]

1. e4 e6 2. d4 d5 3. Nc3 Bb4 4. exd5 exd5 5. Bd3 Nc6 6. a3 Bxc3+ 7. bxc3 Nge7 8.
Qf3 Be6 9. Ne2 Ng6 10. O-O Qd7 11. Rb1 b6 12. Ba6 O-O 13. Qg3 Nce7 14. Nf4 Bf5
15. Bd3 Nxf4 16. Bxf4 c6 17. Rfe1 Rfe8 18. h4 Ng6 19. h5 Bxd3 20. cxd3 Nxf4 21.
Qxf4 h6 22. Re5 Rxe5 23. dxe5 Re8 24. d4 Qe7 25. Qf5 b5 26. Ra1 a5 27. g3 a4 28.
Ra2 Qg5 29. Qxg5 hxg5 30. f4 f6 31. Kg2 g4 32. Re2 Kf7 33. Re1 Rh8 34. Rh1 Ke6
35. Kf2 Rh6 36. Rh4 Kf5 37. Ke3 Rh8 38. Rh1 g6 39. h6 Rh7 40. Rh2 g5 41. exf6
gxf4+ 42. gxf4 Kxf6 43. Kf2 Kg6 44. Kg3 Rxh6 45. Rxh6+ Kxh6 46. Kxg4 Kg6 47. f5+
Kg7 48. Kg5 Kf7 49. Kg4 Kf6 50. Kf4 1-0

[Event "Women's Speed Chess Q1"]
[Site "chess.com INT"]
[Date "2021.05.28"]
[Round "2"]
[White "Tokhirjonova, Gulrukhbegim"]
[Black "Nurmanova, Alua"]
[Result "0-1"]
[WhiteTitle "WGM"]
[BlackTitle "WFM"]
[WhiteElo "2350"]
[BlackElo "2008"]
[WhiteFideId "14203626"]
[BlackFideId "13729390"]
[EventDate "2021.05.28"]

1. e4 c5 2. Nf3 d6 3. d4 cxd4 4. Nxd4 Nf6 5. Nc3 a6 6. h3 e6 7. g4 Nfd7 8. g5 b5
9. a3 Bb7 10. f4 Be7 11. h4 Nb6 12. Qf3 Nc6 13. Be3 Qc7 14. O-O-O Rc8 15. Kb1 b4
16. axb4 Nxb4 17. h5 d5 18. e5 Nc4 19. Bc1 Bc5 20. Nb3 d4 21. Ne4 Be7 22. Rh2
Ne3 23. Rxd4 Nf5 24. Rc4 Qd7 25. Rxc8+ Qxc8 26. Bd3 Qc6 27. Re2 Qa4 28. Bd2 Nd4
29. Qf2 Qa2+ 30. Kc1 Nxb3+ 31. cxb3 Nxd3+ 32. Kc2 Nxf2 33. Nxf2 O-O 34. Bc3 Rc8
35. Nd3 Bd5 36. Kd2 Qxb3 37. g6 fxg6 38. hxg6 h6 39. f5 exf5 40. e6 Be4 41. Nc1
Qc2+ 0-1

[Event "Women's Speed Chess Q1"]
[Site "chess.com INT"]
[Date "2021.05.28"]
[Round "2"]
[White "Szente Varga, Fruzsina"]
[Black "Osmak, Iulija"]
[Result "1-0"]
[WhiteTitle "WFM"]
[BlackTitle "IM"]
[WhiteElo "2100"]
[BlackElo "2425"]
[WhiteFideId "712264"]
[BlackFideId "14101602"]
[EventDate "2021.05.28"]

1. e4 c5 2. Nf3 d6 3. d4 cxd4 4. Qxd4 Nc6 5. Bb5 Bd7 6. Qd3 Nf6 7. c4 g6 8. Nc3
Bg7 9. O-O O-O 10. h3 a6 11. Bxc6 Bxc6 12. Be3 b5 13. cxb5 axb5 14. Nd4 Qd7 15.
Nxc6 Qxc6 16. a3 Rfb8 17. Rac1 Qb7 18. f3 b4 19. axb4 Qxb4 20. Rc2 Qb3 21. Rfc1
Nd7 22. Bd4 Ne5 23. Qd1 e6 24. Ne2 Qb5 25. Rc7 h5 26. Bc3 Qd3 27. Qxd3 Nxd3 28.
Rd1 Nxb2 29. Rxd6 Ra1+ 30. Kh2 Bxc3 31. Nxc3 Rc1 32. Rdd7 Rf8 33. Ne2 Re1 34.
Nf4 Rd1 35. Re7 Nd3 36. Nxe6 Ra8 37. Rxf7 Ne5 38. Rg7+ Kh8 39. Rh7+ Kg8 40.
Rcg7# 1-0

[Event "Women's Speed Chess Q1"]
[Site "chess.com INT"]
[Date "2021.05.28"]
[Round "2"]
[White "Nikolova, Adriana"]
[Black "Hoshino, Meilin"]
[Result "1-0"]
[WhiteTitle "WGM"]
[BlackTitle "WCM"]
[WhiteElo "2243"]
[BlackElo "1591"]
[WhiteFideId "2908689"]
[BlackFideId "7001690"]
[EventDate "2021.05.28"]

1. e4 c5 2. Nf3 g6 3. d4 cxd4 4. Nxd4 Nc6 5. Nc3 Bg7 6. Be3 d6 7. Qd2 Nf6 8. f3
O-O 9. Bc4 a6 10. Bb3 Na5 11. O-O-O b5 12. h4 h5 13. g4 hxg4 14. h5 Nxh5 15.
Rxh5 gxh5 16. Bh6 e5 17. Nf5 Bxf5 18. exf5 Qf6 19. Bxg7 Kxg7 20. Bd5 Rad8 21.
fxg4 hxg4 22. Ne4 Qh6 23. f6+ Kh7 24. Ng5+ Kg6 25. Be4+ Kxf6 26. Nh7+ Kg7 27.
Ng5 f6 28. Ne6+ Kf7 29. Qxh6 Kxe6 30. Qh4 f5 31. Bd5+ Kd7 32. Qh7+ Kc8 33. Be6+ 1-0

[Event "Women's Speed Chess Q1"]
[Site "chess.com INT"]
[Date "2021.05.28"]
[Round "2"]
[White "Mahalakshmi, M"]
[Black "Sedina, Elena"]
[Result "1-0"]
[WhiteTitle "WIM"]
[BlackTitle "IM"]
[WhiteElo "2253"]
[BlackElo "2291"]
[WhiteFideId "5001080"]
[BlackFideId "812153"]
[EventDate "2021.05.28"]

1. d4 d5 2. c4 c6 3. cxd5 cxd5 4. Nc3 Nf6 5. Bf4 Nc6 6. e3 a6 7. Bd3 Bg4 8. Nge2
e6 9. O-O Be7 10. h3 Bh5 11. Rc1 O-O 12. Qb3 Na5 13. Qd1 Rc8 14. Na4 Nc4 15. b3
Nd6 16. Nc5 Rc7 17. Qd2 Nd7 18. a4 Qc8 19. b4 Bg6 20. a5 Rc6 21. Bxd6 Bxd6 22.
Nc3 Bxd3 23. Qxd3 Bb8 24. N3a4 Nxc5 25. dxc5 Rd8 26. Rfd1 e5 27. Nb6 Qc7 28.
Nxd5 e4 29. Ne7+ Qxe7 30. Qxd8+ Qf8 31. Qxf8+ Kxf8 32. Rd8+ Ke7 33. Rxb8 Rc7 34.
Rd1 f5 35. Rdd8 h6 36. Rbc8 1-0

[Event "Women's Speed Chess Q1"]
[Site "chess.com INT"]
[Date "2021.05.28"]
[Round "2"]
[White "Koridze, Lile"]
[Black "Girya, Olga"]
[Result "1-0"]
[WhiteTitle "WFM"]
[BlackTitle "WGM"]
[WhiteElo "2016"]
[BlackElo "2451"]
[WhiteFideId "13612514"]
[BlackFideId "4195752"]
[EventDate "2021.05.28"]

1. d4 d5 2. c4 e6 3. g3 Nf6 4. Nf3 Bb4+ 5. Bd2 Be7 6. Bg2 O-O 7. O-O Nbd7 8. Qc2
c6 9. Bf4 b6 10. Rd1 Ba6 11. b3 Rc8 12. Nc3 Bb4 13. Ne5 Nxe5 14. dxe5 Nd7 15. e4
dxc4 16. bxc4 Qc7 17. Rac1 Bxc4 18. Rd4 b5 19. a4 Nb6 20. axb5 cxb5 21. Nxb5 Qc5
22. Nxa7 Qxd4 23. Nxc8 Rxc8 24. Be3 Qxe5 25. Bxb6 h5 26. Qa4 Qd6 27. Be3 Ba6 28.
Rxc8+ Bxc8 29. Qa8 Qf8 30. Qb8 Bd7 31. Qb7 Ba4 32. Qa6 Bc2 33. Qc4 Ba4 34. e5
Bd7 35. Qd4 Be8 36. Qb6 g6 37. Be4 Qe7 38. Bg5 1-0

[Event "Women's Speed Chess Q1"]
[Site "chess.com INT"]
[Date "2021.05.28"]
[Round "2"]
[White "Morris-Suzuki, Sophie"]
[Black "Komiagina, Maria"]
[Result "1-0"]
[WhiteTitle "WFM"]
[BlackTitle "WIM"]
[WhiteElo "2043"]
[BlackElo "2241"]
[WhiteFideId "30922615"]
[BlackFideId "4153987"]
[EventDate "2021.05.28"]

1. e4 c5 2. Nf3 Nc6 3. d4 cxd4 4. Nxd4 Nf6 5. Nc3 d6 6. Bg5 e6 7. Qd2 a6 8.
O-O-O Bd7 9. f4 Be7 10. Nf3 b5 11. e5 b4 12. exf6 bxc3 13. Qxc3 gxf6 14. Bh4 d5
15. f5 O-O 16. Qe3 Qa5 17. Qh6 Qxa2 18. Bxf6 Bxf6 19. Qxf6 Qa1+ 20. Kd2 Qa5+ 21.
Ke2 exf5 22. Kf2 Qc5+ 23. Nd4 Qe7 24. Qh6 Ne5 25. Be2 Ng6 26. Bf3 f4 27. Rhe1
Qf6 28. Bxd5 Rab8 29. Bb3 Bg4 30. Rd2 Rfe8 31. Rxe8+ Rxe8 32. h3 Bc8 33. Qh5 Qe7
34. Re2 Qd8 35. c3 Rxe2+ 36. Qxe2 Kg7 37. Qe4 Qd6 38. Qa8 Bd7 39. Qb7 Qe7 40.
Qf3 Qe5 41. Qe2 Qc5 42. Qd3 Qe5 43. Kg1 1-0

[Event "Women's Speed Chess Q1"]
[Site "chess.com INT"]
[Date "2021.05.28"]
[Round "2"]
[White "Eswaran, Ashritha"]
[Black "Makhija, Aashna"]
[Result "1-0"]
[WhiteTitle "WIM"]
[BlackTitle "WIM"]
[WhiteElo "2244"]
[BlackElo "1969"]
[WhiteFideId "2080788"]
[BlackFideId "25011944"]
[EventDate "2021.05.28"]

1. e4 e5 2. Nf3 Nc6 3. d4 exd4 4. Nxd4 Qf6 5. Nf3 Bb4+ 6. c3 Bc5 7. Be2 h6 8.
O-O d6 9. Nbd2 Nge7 10. Nc4 O-O 11. Be3 Bxe3 12. Nxe3 Be6 13. Nd4 Nxd4 14. cxd4
Ng6 15. Rc1 Qe7 16. f4 f5 17. exf5 Bxa2 18. Rc3 Nh4 19. b3 Nxf5 20. Nxf5 Rxf5
21. Bc4+ d5 22. Bd3 Qe3+ 23. Kh1 Qxd4 24. Bxf5 Qxc3 25. Qxd5+ Kh8 26. Qxb7 Rf8
27. Be6 Qd3 28. Rg1 Qd6 29. f5 Qb6 30. Qxb6 axb6 31. Rd1 c5 32. g4 Ra8 33. Ra1
Kh7 34. Kg1 g6 35. f6 Ra3 36. f7 Kg7 37. Rd1 Bxb3 38. Rd8 Ra1+ 39. Kf2 Ra2+ 40.
Kg3 1-0

[Event "Women's Speed Chess Q1"]
[Site "chess.com INT"]
[Date "2021.05.28"]
[Round "2"]
[White "Papp, Petra"]
[Black "Bommini, Mounika Akshaya"]
[Result "0-1"]
[WhiteTitle "WGM"]
[BlackTitle "WFM"]
[WhiteElo "2336"]
[BlackElo "2029"]
[WhiteFideId "739049"]
[BlackFideId "25019872"]
[EventDate "2021.05.28"]

1. e4 Nc6 2. d4 e5 3. Nf3 exd4 4. Bc4 Nf6 5. O-O Nxe4 6. Re1 d5 7. Bxd5 Qxd5 8.
Nc3 Qd7 9. Nxe4 Be7 10. Bg5 O-O 11. Bxe7 Nxe7 12. Qxd4 Ng6 13. Rad1 Qxd4 14.
Nxd4 c6 15. c4 h6 16. h3 Rd8 17. c5 Bd7 18. Nd6 b6 19. b4 bxc5 20. bxc5 Rab8 21.
Rb1 Kf8 22. a4 Nf4 23. Nb7 Re8 24. Rxe8+ Bxe8 25. a5 Nd3 26. Rb3 Nc1 27. Rc3
Ne2+ 28. Nxe2 Rxb7 29. Nd4 Rb4 30. Nf5 Bd7 31. Nd6 Ra4 32. Nc4 Be6 33. Ne5 Bd5
34. Re3 f6 35. Nd7+ Kf7 36. f4 Rxa5 37. f5 Ra4 38. Kh2 Re4 0-1

[Event "Women's Speed Chess Q1"]
[Site "chess.com INT"]
[Date "2021.05.28"]
[Round "2"]
[White "Rakshitta, Ravi"]
[Black "Tanishka, Kotia"]
[Result "1-0"]
[WhiteTitle "WIM"]
[BlackTitle "WFM"]
[WhiteElo "2190"]
[BlackElo "1849"]
[WhiteFideId "25073230"]
[BlackFideId "25005600"]
[EventDate "2021.05.28"]

1. e4 c5 2. Nf3 Nc6 3. Nc3 g6 4. d4 cxd4 5. Nxd4 Bg7 6. Nb3 Nf6 7. Be3 O-O 8.
Be2 d6 9. O-O b6 10. f4 Bb7 11. Bf3 Nd7 12. Qe2 Nc5 13. Rad1 Qc8 14. Nd5 Ba6 15.
c4 Re8 16. Nd4 Nxd4 17. Bxd4 Bxd4+ 18. Rxd4 Ne6 19. Rdd1 Bxc4 20. Qd2 Bxf1 21.
Rxf1 Qc5+ 22. Kh1 Rac8 23. f5 Nc7 24. fxg6 hxg6 25. Rc1 Qxc1+ 26. Qxc1 Nxd5 27.
Qh6 Nf6 28. h4 Rc5 29. g4 Re5 30. h5 gxh5 31. g5 Ng4 32. Qxh5 Nf2+ 33. Kg2 Nxe4
34. Bxe4 Rxe4 35. g6 fxg6 36. Qxg6+ Kf8 37. Qxe4 e5 38. Qd5 Rd8 39. Kf3 Ke8 40.
Ke4 Ke7 41. b4 Rd7 42. Kf5 Rd8 43. Qe6+ Kf8 44. Kf6 d5 45. Qf7# 1-0

[Event "Women's Speed Chess Q1"]
[Site "chess.com INT"]
[Date "2021.05.28"]
[Round "2"]
[White "Kazarian, Anna-Maja"]
[Black "Nguyen, Thi Mai Hung"]
[Result "1-0"]
[WhiteTitle "FM"]
[BlackTitle "WGM"]
[WhiteElo "2096"]
[BlackElo "2254"]
[WhiteFideId "1033689"]
[BlackFideId "12401676"]
[EventDate "2021.05.28"]

1. e4 e6 2. d4 d5 3. exd5 exd5 4. c4 Nf6 5. Nc3 Bd6 6. cxd5 O-O 7. Bc4 Nbd7 8.
Nge2 Nb6 9. Bb3 h6 10. O-O Bg4 11. f3 Bh5 12. Be3 Re8 13. Bf2 Bg6 14. Re1 Qd7
15. Qd2 Bb4 16. Nf4 Bh7 17. a3 Bxc3 18. bxc3 Nfxd5 19. Nd3 c6 20. Ne5 Qf5 21.
Rac1 f6 22. Ng4 Kh8 23. Bc2 Qf4 24. Qxf4 Nxf4 25. Ne3 Bxc2 26. Rxc2 Nd3 27. Rd1
Nxf2 28. Kxf2 Rad8 29. c4 Rd7 30. d5 Red8 31. Rcd2 cxd5 32. cxd5 Kg8 33. Rd4 Kf7
34. a4 a5 35. R1d3 g6 36. d6 Nc8 37. Nc4 b6 38. Rb3 1-0

[Event "Women's Speed Chess Q1"]
[Site "chess.com INT"]
[Date "2021.05.28"]
[Round "2"]
[White "Padmini, Rout"]
[Black "Antova, Gabriela"]
[Result "0-1"]
[WhiteTitle "IM"]
[BlackTitle "FM"]
[WhiteElo "2370"]
[BlackElo "2250"]
[WhiteFideId "5029295"]
[BlackFideId "2915235"]
[EventDate "2021.05.28"]

1. e4 c5 2. Nf3 Nc6 3. c3 Nf6 4. e5 Nd5 5. Bc4 Nb6 6. Bb3 d5 7. exd6 e6 8. d4
Bxd6 9. O-O O-O 10. dxc5 Bxc5 11. Qe2 Qc7 12. Nbd2 Bd7 13. Bc2 Be7 14. Ne4 h6
15. Ng3 Nd5 16. Nh5 Rfe8 17. c4 Nf6 18. Nxf6+ Bxf6 19. Qe4 Nb4 20. Qh7+ Kf8 21.
Be4 Bc6 22. Bd2 a5 23. Bc3 Bxe4 24. Qxe4 Bxc3 25. bxc3 Nc6 26. Qh7 Ne7 27. Rab1
Ng8 28. Qe4 b6 29. c5 Qxc5 30. Ne5 Rad8 31. Qf4 Nf6 32. Rfe1 Kg8 33. h3 Re7 34.
Re2 Nd5 35. Qg3 Nxc3 36. Rc2 Ne4 37. Rxc5 Nxg3 38. fxg3 bxc5 39. Nc6 Rde8 40.
Nxe7+ Rxe7 41. Rb5 Rc7 42. Rxa5 c4 43. Kf2 c3 44. Ra8+ Kh7 45. Ke2 c2 0-1